chansons de Billie Eilish en acronyme - Statistiques

Statistiques générales
  • Ce quiz a été pris 74 fois
  • Le résultat moyen est 10 sur 15
Statistiques - réponses
Hint Réponse % Correct
ily i love you
93%
hte happier than ever
89%
ladmv l'amour de ma vie
87%
atgggth all the good girls go to hell
77%
boaf birds of a feather
74%
wywg wish you were gay
69%
wtpo when the partys over
67%
oe ocean eyes
66%
yssmiac you should see me in a crown
64%
nttd no time to die
54%
bbh bitches broken hearts
51%
wiwo when i was older
51%
tia therefore i am
43%
sfu six feet under
36%
idcmn i didnt change my number
34%
Aucun quiz correspondant
Distribution des résultats
% des personnes avec chaque résultat
Percentile par nombre de réponses
Votre historique - résultats
Vous n’avez pas pris ce quiz